Štátne kúpele Sliač park pred liečebným domom Palace

Zobrazenie: Pohľad z trávnika na park, v ktorom sa nachádza jazierko s mostíkom v strede a striekajúcou fontánkou. Okolo jazierka sú nízke stromčeky a kríky. Za jazierkom na chodníku sú dvaja muži a vpravo je pri ňom dievčatko. V pozadí za jazierkom sú stromy. Vpravo od parku sa nachádza budova lieč...

Full description

Bibliographic Details
Format: Photo
Language:Slovak
PhysicalDescription:1 pohľadnica čiernobiela 11 x 15 cm
Published: [Bratislava] SVPL 1960
Subjects:

MARC

LEADER 00000nkm a2200000 a 4500
001 vtls011980591
003 SK-MaSNL
005 20260302023822.0
007 kf bo
008 231120s1960 xo g 00 kuslo
015 |a SNBG1960 
035 |a urn:nbn:sk:snk-km00ei24 
035 |a urn:nbn:sk:snk-km45xez 
035 |a A830416E-2C97-4302-B3A6-47AF42B2E51A 
040 |a SNK  |b slo  |c SNK  |e AACR2 
041 0 |a slo 
043 |a e-xo--- 
044 |a xo  |c SK 
072 7 |a 913  |x Regionálna geografia  |2 konspekt 
080 |a 913(437.6)  |2 2011 
080 |a 711.455:615.838  |2 2011 
080 |a 614.2:[725.1:614.21]  |2 2011 
080 |a (084.121)  |2 2011 
080 |a 712.5  |2 2011 
080 |a 712.253  |2 2011 
080 |a 725.948  |2 2011 
245 0 0 |a Štátne kúpele Sliač  |h grafika  |b park pred liečebným domom Palace 
260 |a [Bratislava]  |b SVPL  |c 1960 
300 |a 1 pohľadnica  |b čiernobiela  |c 11 x 15 cm 
520 8 |a Zobrazenie: Pohľad z trávnika na park, v ktorom sa nachádza jazierko s mostíkom v strede a striekajúcou fontánkou. Okolo jazierka sú nízke stromčeky a kríky. Za jazierkom na chodníku sú dvaja muži a vpravo je pri ňom dievčatko. V pozadí za jazierkom sú stromy. Vpravo od parku sa nachádza budova liečebne, na ktorej v pozadí je nápis "Sliač". Medzi parkom a budovou je chodník na ktorom sú oválne trávniky a traja ľudia. V popredí vpravo je jeden ihličnatý strom a vľavo je čať ihličnatého stromu a vedľa neho menší ihličnatý strom 
610 2 7 |a Liečebný dom Palace (Sliač, Slovensko)  |2 SNKKA  |9 347326 
610 2 7 |a Štátne kúpele (Sliač, Slovensko)  |2 SNKKA  |9 347325 
650 0 7 |a kúpele  |2 SNKPH  |9 1139 
650 0 7 |a liečebne  |2 SNKPH  |9 56920 
650 0 7 |a záhradné jazierka  |2 SNKPH  |9 67820 
650 0 7 |a parky  |2 SNKPH  |9 2942 
650 0 7 |a fontány  |2 SNKPH  |9 3014 
651 7 |a Sliač (Slovensko)  |2 SNKPHgeo  |9 17143 
655 7 |a miestne pohľadnice  |2 SNKPH  |9 70510 
852 |a Slovenská národná knižnica 
954 |a pohľadnice pôvodné (slovenské)  |2 lita 
958 |a GBN 
958 |a GC 
958 |a OND 
958 |a EUIPO 
999 |c 1038024  |d 1039954 
952 |a SNK  |b SNK  |y PREZ  |7 0  |p 17A1411157  |o snkSP 74678  |z Pohľadnica prešla poštou.  |0 0  |1 0  |4 0  |d 2020-07-09  |f 1  |l 0  |r 2026-02-24 14:14:58  |w 2026-02-24 
952 |a SNK  |b SNK  |y PREZ  |7 0  |p 17A1411156  |o snkSP 74678 D1  |z Pohľadnica prešla poštou.  |0 0  |1 0  |4 0  |d 2020-07-09  |l 0  |r 2026-02-24 14:14:58  |w 2026-02-24